000 00734nam a2200193Ia 4500
003 GCL
008 140319s9999 xx 000 0 ara d
040 _aGCL /
_cGCL
082 0 4 _a925
_bم م
100 1 _aمحمد فارس
245 1 0 _aموسوعة علماء العرب والمسلمين العرب, العرب المسلمون, الامم الاسلامية العثمانيون (علماء, مهندس, مخترعون) /
_cمحمد فارس
250 _aالاولى
260 _aالاردن :
_bالمؤسسة العربية للدراسات والنشر ،
_c1993
300 _a231 ص:
_bصور ؛
_c24سم
490 _a
650 0 4 _aالتراجم
650 0 4 _aالعلماء المسلمون
942 _2ddc
_cBK
999 _c37844
_d37844